| 000 | 01314nam a2200253Ia 4500 | ||
|---|---|---|---|
| 999 |
_c37446 _d37446 |
||
| 001 | 3405 | ||
| 003 | GE_BSU | ||
| 005 | 20190606170804.0 | ||
| 008 | 181216s1979|||| |||||||||||||| ||geo|| | ||
| 040 | _cGE_BSU | ||
| 041 | _ageo | ||
| 080 | _a621.1(075.8)+536+681 ლ-86 | ||
| 100 |
_aლოსაბერიძე, ა. _91068 |
||
| 245 |
_aთბოტექნიკური გაზომვები და თბური პროცესების ავტომატიზაცია : ნაწ. 2. ავტომატიკის საფუძვლები და თბური პროცესების ავტომატიზაცია / _cა. ლოსაბერიძე ; რედ : ვ. გოგსაძე. |
||
| 245 | _cრედ. ვ.გოგსაძე. | ||
| 260 | _aთბ. | ||
| 260 | _bგანათლება. | ||
| 264 |
_aთბილისი : _bგანათლება, _c1979. |
||
| 300 |
_a318 გვ .: _bილ. ცხრ. _c22 სმ |
||
| 300 | _eცხრ. | ||
| 653 | _aთბოტექნიკური გაზომვები; თბური პროცესების ავტომატიზაცია | ||
| 700 |
_aგოგსაძე, ვ _eრედაქტორი _9496 |
||
| 942 |
_cBK _2udc |
||